1581 1394 1259 1790 1185 1471 1431 1207 2000 1554 1047 1985 1208 1991 1339 1950 1256 1146 1503 1206 1634 1356 1087 1975 1737 1909 1007 1458 1960 1816 1406 1218 1108 1177 1300 1299 1062 2000 1219 1236 1502 1741 1037 1726 1648 1295 1306 1716 1878 1026 1277 1112 1981 1489 1086 1155 1870 1098 1094 1905 1365 1795 1714 1086 1403 1770 1438 1019 1996 1618 1234 1669 1669 1011 1591 1505 1117 1628 1810 1423 1826 1894 1075 1683 1422 1151 1074 1760 1588 1507 1688 1135 1311 1637 1477 1334 1252 1567 1140 BCNSPRNW ULIB Ver.6.0+V

เปลี่ยนเป็นภาษาไทย

Change to English
 แสดงรายละเอียดบรรณานุกรม
  กลับหน้าหลัก

Brief Record : Get Marc (ISO 2709) : E-mail record : QR code < ปิดหน้าต่าง
LEADER : 00000nam 2200000uu 4500
001    13399112397
003     ULIB
008    110810s2550||||th 000 0 tha d
020    9789742126155
050 04 HF5719^bธ152ส 2550
100 0  ธนพล ฉันจรัสวิชัย
245 10 สร้างรายงานด้วย Crystal Reports บน VB.Net /^cธนพล ฉันจรัสวิชัย
246 3  Crystal Reports บน VB.Net
260    กรุงเทพฯ :^bซีเอ็ดยูเคชั่น,^c2550
300    496 หน้า :^bภาพประกอบ ;^c24 ซม. +^eซีดี-รอม 1 แผ่น (4 3/4 นิ้ว)
505 2  มารู้จักกับโปรแกรม Crystal Reports -- การปรับปรุงออบเจ็กต์ในรายงาน-- ออบเจ็กต์ที่ใช้ในรายงาน -- รายงานมาตรฐาน -- เครื่องมือ Group expert -- เครื่องมือ Summary -- การจัดเรียงข้อมูล และการจัดเรียงกลุ่ม-- การสร้างกราฟด้วยเครื่องมือ Chart expert -- เครื่องมือ Select expert -- การสร้างรายงานจากข้อมูลรูปภาพ -- การสร้างลาเบล -- การลิงก์ข้อมูล -- Formula field -- คำสั่งฟิลด์และโอเปอเรเตอร์ในฟอร์มูล่า -- ฟังก์ชั่น -- Parameter field -- Running total object field -- การติดต่อฐานข้อมูล -- การสร้างรายงาน Cross-tab -- การสร้างรายงานชนิด Drill-down -- การสร้างรายงานย่อยในรายงาน -- การใช้โปรแกรม Crystal Reports 11 -- การใช้เครื่องมือพื้นฐานใน Crystal Reports 11 -- การใช้ VB.Net กับรายงาน Crystal Reports
650  7 คริสตัลรีพอร์ต (โปรแกรมคอมพิวเตอร์)
650  7 การเขียนรายงานทางธุรกิจ^xโปรแกรมคอมพิวเตอร์
945    ^p295^l0^i027331
995    ทศพร
999 ^a ทศพร
รายการนี้ยังไม่มีแท็ก
คุณยังไม่ได้ล็อกอิน คุณสามารถมีกิจกรรมร่วมกับเว็บไซต์ได้ แต่ต้องล็อกอินก่อน ::
  ล็อกอิน

รายการสื่อสารสนเทศ

ลำดับที่ ประเภท เลขเรียก/บาร์โค้ด สถานที่ สถานะ
- ไม่พบข้อมูล -

BibComment


ยังไม่เคยถูกคอมเมนท์

คอมเมนท์ทรัพยากรรายการนี้
  คอมเมนท์: สร้างรายงานด้วย C..


 Copyright 2026. Bcnsprnw @Library